000 00604nam a22002297a 4500
003 UA-OsUOA
001 98878
007 ta
008 20130419b un ||||| |||| 00| 0 ukr d
100 _aРоллан Р.
090 _a821.161.1
_bР67
942 _cBK
040 _aUA-OsUOA
_brus
_cUA-OsUOA
_dUA-OsUOA
245 _aСупутники
300 _a302 с.
955 _a2
041 _arus
080 _a821.161.1
260 _aМ.
_bХудожественная литература
_c1938
650 7 _a82 Література. Літературознавство
_2UDC
999 _c385250
_d385250